| Tag |
First Indicator |
Second Indicator |
Subfields |
| LEADER |
00000cam a2200000 4500 |
| 001 |
in00000066805 |
| 005 |
20151008050759.0 |
| 008 |
720818s1935 nyu 00000 eng u |
| 010 |
|
|
|a 35027072
|
| 035 |
|
|
|a (OCoLC)00385460
|
| 035 |
|
|
|9 AAG3314AM
|
| 040 |
|
|
|c OUN
|d TXA
|d UtOrBLW
|
| 049 |
|
|
|a TXAM
|c [71710]
|
| 050 |
|
0 |
|a JF1059.U6
|b H6
|
| 082 |
0 |
|
|a 328.3344097
|
| 092 |
|
|
|a 328.3344
|b H725g
|
| 100 |
1 |
|
|a Holcombe, Arthur N.
|q (Arthur Norman),
|d 1884-1977.
|
| 245 |
1 |
0 |
|a Government in a planned democracy /
|c [by] A. N. Holcombe ...
|
| 264 |
|
1 |
|a New York :
|b W. W. Norton & company, inc.,
|c [1935]
|
| 264 |
|
4 |
|c [©1935]
|
| 300 |
|
|
|a ix pages, 1 leaf, 13-173 pages ;
|c 21 cm.
|
| 336 |
|
|
|a text
|b txt
|2 rdacontent
|
| 337 |
|
|
|a unmediated
|b n
|2 rdamedia
|
| 338 |
|
|
|a volume
|b nc
|2 rdacarrier
|
| 490 |
0 |
|
|a [Social action series]
|
| 500 |
|
|
|a "First edition."
|
| 650 |
|
0 |
|a Representative government and representation.
|
| 650 |
|
0 |
|a Industrial policy
|z United States.
|
| 650 |
|
0 |
|a Democracy.
|
| 651 |
|
0 |
|a United States
|x Politics and government.
|
| 999 |
|
|
|a MARS
|
| 999 |
f |
f |
|s 9639b218-c948-3894-86a1-a29238017c86
|i 976bb01a-26cb-3f2e-b68b-be0d6be99f45
|t 0
|
| 952 |
f |
f |
|p ric
|a Texas A&M University
|b Rellis Campus
|c Joint Library Facility
|d Remote Storage
|t 0
|e JF1059.U6 H6
|h Library of Congress classification
|i unmediated -- volume
|m A14800681413
|
| 998 |
f |
f |
|a JF1059.U6 H6
|t 0
|l Remote Storage
|